KOHA-Header-6

Lehninger Principles of Biochemistry (Record no. 1186)

000 -LEADER
fixed length control field 00340nam a2200133Ia 4500
008 - FIXED-LENGTH DATA ELEMENTS--GENERAL INFORMATION
fixed length control field 190722s9999 xx 000 0 und d
020 ## - INTERNATIONAL STANDARD BOOK NUMBER
International Standard Book Number 978-1-319-10824-3
100 ## - MAIN ENTRY--PERSONAL NAME
Personal name David L.Nelson
245 #0 - TITLE STATEMENT
Title Lehninger Principles of Biochemistry
250 ## - EDITION STATEMENT
Edition statement 7th
260 ## - PUBLICATION, DISTRIBUTION, ETC. (IMPRINT)
Place of publication, distribution, etc USA
Name of publisher, distributor, etc Macmillan Learning
Date of publication, distribution, etc 2017
300 ## - PHYSICAL DESCRIPTION
Extent 1172 Index
942 ## - ADDED ENTRY ELEMENTS (KOHA)
Koha item type Books
Holdings
Withdrawn status Lost status Damaged status Not for loan Permanent Location Current Location Shelving location Date acquired Total Checkouts Total Renewals Full call number Barcode Date last seen Date checked out Price effective from Koha item type
        MAJU MAJU Shelf No.A39 REF 2019-07-22 4 2 572 7811 2020-01-16 2020-01-08 2019-07-22 Books

Powered by Koha